[Event "Lansing (Apr)"]
[Site "?"]
[Date "1990.??.??"]
[Round "?"]
[White "Hill, M."]
[Black "Troupe, D."]
[Result "0-1"]
[WhiteElo "1605"]
[BlackElo "1605"]
[PlyCount "64"]
[EventDate "1990.??.??"]

1. c4 e5 2. Nc3 Nc6 3. g3 d6 4. Bg2 Bd7 5. Nf3 Nf6 6. d3 h6 7. a3 a6 8. O-O Be7
9. Qc2 Qc8 10. e3 Bh3 11. Rd1 Bxg2 12. Kxg2 Qf5 13. Nh4 Qh7 14. b4 g5 15. Nf3
Bd8 16. Bb2 Qg6 17. Rac1 h5 18. d4 e4 19. Nd2 h4 20. d5 Ne7 21. Ncxe4 Nf5 22.
g4 h3+ 23. Kh1 Rh4 24. gxf5 Qh6 25. Nf3 Rg4 26. Nxf6+ Bxf6 27. Bxf6 Qxf6 28.
Rg1 Rxg1+ 29. Rxg1 O-O-O 30. Nxg5 Qh6 31. Nxf7 Qh5 32. Nxd8 Qf3+ 0-1

[Event "Detroit (RVO/3)"]
[Site "?"]
[Date "1990.??.??"]
[Round "?"]
[White "Hill, M."]
[Black "Smeltzer, P."]
[Result "0-1"]
[WhiteElo "1605"]
[BlackElo "1605"]
[PlyCount "72"]
[EventDate "1990.??.??"]

1. c4 c5 2. Nc3 e6 3. g3 Nf6 4. Bg2 Be7 5. e4 Nc6 6. Nge2 Ne5 7. d3 h6 8. O-O
d6 9. h3 Bd7 10. f4 Nc6 11. a3 a6 12. Qc2 Qc7 13. Be3 O-O-O 14. Rfd1 e5 15. f5
Rdg8 16. g4 g6 17. Ng3 gxf5 18. exf5 Nxg4 19. hxg4 Rxg4 20. Nce4 h5 21. f6 Bxf6
22. Nxf6 Rxg3 23. Nd5 Qd8 24. Qf2 Rxg2+ 25. Kxg2 Rg8+ 26. Kf1 Bh3+ 27. Ke1 f5
28. Qe2 Bg4 29. Qf2 f4 30. Bd2 Nd4 31. Nc3 Nc2+ 32. Kf1 Bh3+ 33. Ke2 f3+ 34.
Kxf3 Qf6+ 35. Ke2 Rg2 36. Rf1 Bg4# 0-1

[Event "Detroit (RVO/5)"]
[Site "?"]
[Date "1990.??.??"]
[Round "?"]
[White "Hill, M."]
[Black "Smeckert, Dennis"]
[Result "0-1"]
[WhiteElo "1605"]
[BlackElo "1605"]
[PlyCount "88"]
[EventDate "1990.??.??"]

1. c4 g6 2. Nc3 Bg7 3. g3 Nf6 4. Bg2 d6 5. e3 O-O 6. Nge2 c6 7. Qb3 Nbd7 8. d4
Qc7 9. O-O e5 10. Rd1 Re8 11. Qc2 Nf8 12. d5 cxd5 13. cxd5 b5 14. Qb3 a6 15.
Bd2 N8d7 16. Rac1 Nc5 17. Qc2 Nfd7 18. b4 Nb7 19. Ne4 Qxc2 20. Rxc2 f5 21. Ng5
Nb6 22. Rc7 Nc4 23. Bc3 Rb8 24. Nf4 Bh6 25. Nxh7 Bxf4 26. Nf6+ Kf8 27. Nxe8
Nxe3 28. fxe3 Bxe3+ 29. Kf1 Kxe8 30. Rh7 f4 31. Re1 g5 32. gxf4 gxf4 33. h3 a5
34. a3 Nd8 35. bxa5 Nf7 36. Bf3 Bf5 37. Rh5 Bd3+ 38. Be2 Be4 39. Bb4 Ke7 40.
Rd1 f3 41. Bd3 Rg8 42. Bxd6+ Kxd6 43. Ke1 Bxd3 44. Rxd3 Rg1# 0-1

[Event "Detroit (RVO/1)"]
[Site "?"]
[Date "1990.??.??"]
[Round "?"]
[White "Hill, M."]
[Black "Morrow, Chris"]
[Result "0-1"]
[WhiteElo "1605"]
[BlackElo "1805"]
[PlyCount "74"]
[EventDate "1990.??.??"]

1. c4 c6 2. Nc3 d5 3. cxd5 cxd5 4. d4 e6 5. g3 Nc6 6. e3 Nf6 7. Bg2 Bb4 8. Nge2
O-O 9. Bd2 a6 10. O-O Bd6 11. a3 Na5 12. Qc2 Bd7 13. b3 Rc8 14. Qb1 Qb6 15. Nc1
Rc7 16. N3e2 Rfc8 17. Bxa5 Qxa5 18. b4 Qa4 19. Nb3 Bb5 20. Re1 b6 21. Bf3 Bc4
22. Nd2 Qd7 23. Nc3 b5 24. Qb2 Qe7 25. Rec1 e5 26. Ne2 Bxe2 27. Bxe2 exd4 28.
exd4 Rxc1+ 29. Rxc1 Rxc1+ 30. Qxc1 Qxe2 31. Kg2 Ng4 32. Qc8+ Bf8 33. Kh3 Nxf2+
34. Kh4 Qxd2 35. g4 h6 36. Qxa6 Qf4 37. Qc8 Qxh2# 0-1

[Event "Lansing (Mini-Swiss.4/2)"]
[Site "?"]
[Date "1990.??.??"]
[Round "?"]
[White "Hill, M."]
[Black "Eck, J."]
[Result "1-0"]
[WhiteElo "1605"]
[BlackElo "1605"]
[PlyCount "120"]
[EventDate "1990.??.??"]

{4/(2)} 1. c4 Nf6 2. Nc3 e6 3. g3 Bb4 4. Qc2 Bxc3 5. Qxc3 d5 6. e3 c5 7. Bg2
O-O 8. Ne2 Nc6 9. a3 Rb8 10. O-O b6 11. d3 Bb7 12. b3 d4 13. Qc2 h6 14. Bb2 e5
15. Rae1 Ng4 16. Bc1 h5 17. h3 Nf6 18. e4 Nh7 19. Bd2 Ne7 20. f4 exf4 21. Nxf4
g6 22. h4 Nf6 23. Nh3 Ng4 24. Qd1 Qd7 25. Nf2 Ne5 26. Bh3 Qc7 27. Bf4 f6 28.
Bxe5 fxe5 29. g4 Bc8 30. gxh5 gxh5 31. Qxh5 Rf6 32. Bxc8 Qxc8 33. Kh2 Qe6 34.
Ng4 Rg6 35. Rg1 Kf7 36. Nxe5+ Ke8 37. Nxg6 Nxg6 38. Qxg6+ Qxg6 39. Rxg6 Kf7 40.
Rg2 Ke6 41. Rd1 b5 42. cxb5 Rxb5 43. Rb2 a5 44. a4 Rb7 45. Rc1 Rc7 46. Rc4 Ke5
47. Rbc2 Kd6 48. Kg3 Rb7 49. Rb2 Rg7+ 50. Kh3 Rg1 51. Rg2 Rd1 52. Rg3 Rh1+ 53.
Kg4 Rb1 54. h5 Rxb3 55. h6 Rb7 56. Kh5 Ke5 57. Rxc5+ Kf6 58. Rxa5 Rf7 59. Rg7
Rxg7 60. hxg7 Kxg7 1-0

[Event "Lansing (Apr)"]
[Site "?"]
[Date "1990.??.??"]
[Round "?"]
[White "Hill, M."]
[Black "Caron, L."]
[Result "1-0"]
[WhiteElo "1605"]
[BlackElo "1605"]
[PlyCount "105"]
[EventDate "1990.??.??"]

1. c4 c5 2. Nc3 Nc6 3. g3 d6 4. Bg2 g6 5. Nf3 Bg7 6. d3 Nf6 7. O-O O-O 8. Qc2
e6 9. a3 b6 10. Bf4 Bb7 11. Nb5 e5 12. Bg5 Qd7 13. Rad1 Nd4 14. Nbxd4 exd4 15.
Rfe1 Rfe8 16. e3 Bxf3 17. Bxf3 Rac8 18. Bd5 Nxd5 19. cxd5 Qf5 20. Bf4 Qxd5 21.
e4 Qc6 22. Qc4 b5 23. Qd5 Re6 24. Qxc6 Rxc6 25. Rc1 Be5 26. Bh6 Rf6 27. f4 Bxf4
28. Bxf4 h5 29. h4 Re6 30. Re2 a5 31. Rf1 d5 32. e5 c4 33. Rd1 c3 34. bxc3 Rxc3
35. Ra2 b4 36. axb4 axb4 37. Ra8+ Kh7 38. Rd8 f6 39. Rxd5 fxe5 40. Bxe5 Rec6
41. Rxd4 Rc1 42. Rd7+ Kg8 43. Rxc1 Rxc1+ 44. Kf2 b3 45. Rb7 Rc2+ 46. Ke3 Rc5
47. Rb8+ Kf7 48. Bb2 Rc2 49. Rxb3 Ke6 50. Kf4 Rf2+ 51. Kg5 Rf5+ 52. Kxg6 Kd5
53. Kxf5 1-0

[Event "Lansing (Mini-Swiss.3/3)"]
[Site "?"]
[Date "1990.??.??"]
[Round "?"]
[White "Hill, M."]
[Black "Caron, L."]
[Result "1/2-1/2"]
[WhiteElo "1605"]
[BlackElo "1605"]
[PlyCount "103"]
[EventDate "1990.??.??"]

{3/(3)} 1. c4 c5 2. Nc3 Nc6 3. g3 Nf6 4. Bg2 g6 5. e4 Bg7 6. Nge2 e5 7. O-O d6
8. d3 O-O 9. Be3 a5 10. a3 b6 11. Qd2 Ng4 12. f4 Nxe3 13. Qxe3 Nd4 14. Qf2
Nxe2+ 15. Qxe2 f5 16. exf5 Bxf5 17. Bxa8 Qxa8 18. Nd5 Qd8 19. Rad1 Re8 20. Qf3
e4 21. dxe4 Bxe4 22. Qb3 Bd4+ 23. Ne3 Bxe3+ 24. Qxe3 Bc2 25. Qd2 Bxd1 26. Qd5+
Kg7 27. Rxd1 Re2 28. Qxd6 Qxd6 29. Rxd6 Rxb2 30. Rd3 Re2 31. Rb3 Re6 32. h3 h5
33. Kf2 Kf6 34. Kf3 a4 35. Re3 Rxe3+ 36. Kxe3 Ke6 37. Ke4 Kd6 38. g4 hxg4 39.
hxg4 Ke6 40. f5+ gxf5+ 41. gxf5+ Kf6 42. Kd5 Kxf5 43. Kc6 Ke5 44. Kxb6 Kd4 45.
Kb5 Kc3 46. Kxc5 Kb3 47. Kb5 Kxa3 48. c5 Kb3 49. c6 a3 50. c7 a2 51. c8=Q a1=Q
52. Qc4+ 1/2-1/2

[Event "Lansing (Mini-Swiss.5/3)"]
[Site "?"]
[Date "1990.??.??"]
[Round "?"]
[White "Hill, M."]
[Black "Brewer, R."]
[Result "1-0"]
[WhiteElo "1605"]
[BlackElo "1605"]
[PlyCount "38"]
[EventDate "1990.??.??"]

{5/(3)} 1. c4 c5 2. Nc3 Nf6 3. g3 Nc6 4. Bg2 b6 5. Nf3 Bb7 6. d3 e6 7. O-O Be7
8. Bf4 O-O 9. Nb5 d6 10. e3 Nh5 11. e4 Nxf4 12. gxf4 a6 13. Nc3 Qc7 14. Ne2
Rad8 15. a3 f5 16. Ng3 fxe4 17. Ng5 Rf6 18. Bxe4 g6 19. Qg4 Nd4 {[Remainder
illegible; 1-0, 60?]} 1-0

[Event "Lansing (Mini-Swiss.4/1)"]
[Site "?"]
[Date "1990.??.??"]
[Round "?"]
[White "Hill, M."]
[Black "Bohnhorst, B."]
[Result "1-0"]
[WhiteElo "1605"]
[BlackElo "1605"]
[PlyCount "87"]
[EventDate "1990.??.??"]

{4/(1)} 1. c4 Nf6 2. Nc3 g6 3. g3 Bg7 4. Bg2 O-O 5. e4 d6 6. Nge2 Be6 7. d3 c6
8. O-O Qd7 9. Nf4 c5 10. Nxe6 Qxe6 11. Bd2 Qc8 12. Qc1 Nc6 13. Bh6 Ne5 14. Rd1
a6 15. Bxg7 Kxg7 16. a4 Rh8 17. f4 Nc6 18. b3 h5 19. Qb2 h4 20. Nd5 Nd4 21. Nb6
Qg4 22. Nxa8 hxg3 23. h3 Qxf4 24. Rf1 Qe3+ 25. Kh1 Qxd3 26. Nb6 Nxe4 27. Rf3
Nf2+ 28. Rxf2 gxf2 29. Qxf2 Qxb3 30. Rf1 f6 31. Nd5 Nf5 32. Kh2 Qxc4 33. Nxe7
Qf7 34. Nxf5+ gxf5 35. Qxf5 Rh5 36. Qg4+ Rg5 37. Qe2 Qg6 38. Qe7+ Kh6 39. Qf8+
Kh7 40. Qe7+ Qg7 41. Be4+ Kh6 42. Rxf6+ Kh5 43. Bf3+ Kh4 44. Rf4# 1-0

[Event "Flint (MEX/1)"]
[Site "?"]
[Date "1990.??.??"]
[Round "?"]
[White "Hickey, Gene"]
[Black "Leveson, M."]
[Result "1-0"]
[WhiteElo "2000"]
[BlackElo "2150"]
[PlyCount "117"]
[EventDate "1990.??.??"]

1. d4 Nf6 2. Nc3 d6 3. e4 g6 4. f4 Bg7 5. Nf3 c5 6. Bb5+ Nfd7 7. Be3 O-O 8. O-O
a6 9. Be2 cxd4 10. Bxd4 Nf6 11. e5 dxe5 12. Nxe5 Qc7 13. Qe1 b5 14. Qf2 Bb7 15.
a3 Nc6 16. Nxc6 Bxc6 17. Rad1 Rac8 18. Rd2 Qb7 19. Bf3 a5 20. Bxc6 Rxc6 21. Qf3
Rfc8 22. f5 b4 23. axb4 axb4 24. Nd1 Qc7 25. fxg6 hxg6 26. c3 e5 27. Be3 e4 28.
Qe2 Rd8 29. Bd4 Bh6 30. Ne3 bxc3 31. bxc3 Nd5 32. Nxd5 Rxd5 33. Qxe4 Rd8 34.
Ra2 Re6 35. Qf3 Bg7 36. Bxg7 Kxg7 37. Rc2 Rdd6 38. h3 Rf6 39. Qe2 Qc5+ 40. Kh1
Rde6 41. Qd1 Qd6 42. Qc1 Qg3 43. Rxf6 Re1+ 44. Rf1 Rxc1 45. Rcxc1 Qe5 46. c4
Qc5 47. Rfd1 f5 48. Rd5 Qc6 49. Rd4 Qc5 50. Rcd1 Kh6 51. R1d2 Qb4 52. g3 Qb7+
53. Kh2 Qc6 54. R2d3 Qc5 55. Rh4+ Kg7 56. Rhd4 Kh6 57. Kg2 g5 58. Rd6+ Kh5 59.
R3d4 1-0

[Event "Flint (MEX/3)"]
[Site "?"]
[Date "1990.??.??"]
[Round "?"]
[White "Hickey, Gene"]
[Black "Eagle, Chris"]
[Result "1-0"]
[WhiteElo "2000"]
[BlackElo "2150"]
[PlyCount "33"]
[EventDate "1990.??.??"]

1. d4 Nf6 2. Nc3 d5 3. e4 dxe4 4. f3 Bf5 5. Qe2 Nc6 6. fxe4 Nxd4 7. Qd3 Bg6 8.
Bf4 Ng4 9. Bxc7 Qd7 10. O-O-O e5 11. Qg3 Qxc7 12. Rxd4 a6 13. Rc4 Qd7 14. Nd5
Be7 15. Rc7 Bg5+ 16. Kb1 Qe6 17. Re7+ 1-0

[Event "Detroit (RVO/1)"]
[Site "?"]
[Date "1990.??.??"]
[Round "?"]
[White "Hendricks, Marcus"]
[Black "Vaka, Flamur"]
[Result "1-0"]
[WhiteElo "1995"]
[BlackElo "1620"]
[PlyCount "49"]
[EventDate "1990.??.??"]

1. d4 Nf6 2. c4 g6 3. Nc3 Bg7 4. e4 d6 5. Nf3 O-O 6. Be2 Nc6 7. d5 Nb4 8. a3
Na6 9. O-O Bd7 10. h3 c6 11. Be3 Nc7 12. Qd2 Re8 13. Rfd1 Rb8 14. Bxa7 Ra8 15.
Bb6 Qc8 16. Rac1 Na6 17. e5 Nh5 18. exd6 exd6 19. Bd4 Rd8 20. Bxg7 Nxg7 21. Ne4
Bf5 22. Nf6+ Kh8 23. Qh6 g5 24. Nxg5 Bg6 25. Nxf7+ 1-0

[Event "Detroit (MI Op/2/3)"]
[Site "?"]
[Date "1990.??.??"]
[Round "?"]
[White "Hendricks, Marcus"]
[Black "Tsemekhman, Vadim"]
[Result "0-1"]
[WhiteElo "2015"]
[BlackElo "2350"]
[PlyCount "56"]
[EventDate "1990.??.??"]

{2/(3)} 1. d4 c5 2. d5 Nf6 3. c4 b5 4. cxb5 a6 5. e3 g6 6. Nc3 Bg7 7. Nf3 O-O
8. bxa6 d6 9. Bd3 Bxa6 10. Bxa6 Nxa6 11. O-O Qb6 12. e4 Nd7 13. Qe2 Rfb8 14. a3
Nc7 15. g3 Nb5 16. Nxb5 Qxb5 17. Qxb5 Rxb5 18. Ra2 Ra4 19. Re1 c4 20. Re2 Nc5
21. Be3 Nd3 22. Bd4 Nc1 23. Rc2 Nxa2 24. b3 Rxb3 25. Bxg7 Kxg7 26. Nd2 Rbxa3
27. Nxc4 Rc3 28. Rxc3 Nxc3 0-1

[Event "Detroit (RVO/5)"]
[Site "?"]
[Date "1990.??.??"]
[Round "?"]
[White "Hendricks, Marcus"]
[Black "Steverson, Bunnard"]
[Result "1-0"]
[WhiteElo "1995"]
[BlackElo "1745"]
[PlyCount "93"]
[EventDate "1990.??.??"]

1. d4 d5 2. c4 Nf6 3. Nc3 e6 4. Bg5 Be7 5. Nf3 O-O 6. e3 c5 7. Bxf6 Bxf6 8.
cxd5 cxd4 9. Nxd4 exd5 10. Bd3 g6 11. O-O Nc6 12. Nde2 Be6 13. Rc1 Bg7 14. Nf4
Qg5 15. Qb3 Ne5 16. Be2 Rfd8 17. Ncxd5 Bxd5 18. Nxd5 Rd7 19. f4 Qd8 20. Rfd1
Nc6 21. Bf3 Qe8 22. Bg4 Rad8 23. Bxd7 Rxd7 24. Rd3 Na5 25. Qb5 Nc6 26. Rcd1 Kh8
27. Qb3 Na5 28. Qc2 Qd8 29. Nc3 Rxd3 30. Qxd3 Qxd3 31. Rxd3 Kg8 32. b4 Nc4 33.
Rd8+ Bf8 34. Nd5 Kg7 35. e4 a5 36. bxa5 Bc5+ 37. Kh1 Nxa5 38. e5 Nc6 39. Rd7 b6
40. a4 Nd4 41. Rb7 Ne6 42. g3 g5 43. f5 Nd8 44. Rd7 Nc6 45. e6 Ne5 46. Rb7 Nc4
47. Rxf7+ 1-0

[Event "Detroit (MI Op/4/27)"]
[Site "?"]
[Date "1990.??.??"]
[Round "?"]
[White "Hendricks, Marcus"]
[Black "Imai, Toshio"]
[Result "1-0"]
[WhiteElo "2015"]
[BlackElo "1810"]
[PlyCount "71"]
[EventDate "1990.??.??"]

{4/(27)} 1. d4 Nf6 2. c4 e5 3. dxe5 Ng4 4. Nf3 Bc5 5. e3 Qe7 6. Qd5 Nc6 7. Bd2
Ngxe5 8. a3 Nxf3+ 9. Qxf3 Nd4 10. Qd1 a5 11. Nc3 c6 12. Bd3 d6 13. Na4 Bf5 14.
O-O Bxd3 15. exd4 Bxf1 16. Qxf1 Bxd4 17. Re1 Be5 18. f4 O-O 19. fxe5 dxe5 20.
Nb6 Rad8 21. Qf2 Rd3 22. Bxa5 Rfd8 23. Na4 Ra8 24. Bb4 Qg5 25. Nc5 Rd4 26. Bc3
Rxc4 27. Rxe5 Qxe5 28. Bxe5 Rc1+ 29. Qf1 Rxc5 30. Bc3 Rd5 31. Qf4 h6 32. Qc7
Re8 33. Qxb7 Re6 34. Qb8+ Kh7 35. Qf8 Re2 36. Qxg7# 1-0

[Event "Lansing (Feb)"]
[Site "?"]
[Date "1990.??.??"]
[Round "?"]
[White "Helm, E."]
[Black "Draper, M."]
[Result "0-1"]
[WhiteElo "1605"]
[BlackElo "1605"]
[PlyCount "52"]
[EventDate "1990.??.??"]

1. e4 e5 2. Nf3 Nc6 3. Bb5 a6 4. Ba4 Nf6 5. c3 Nxe4 6. Qe2 b5 7. Bc2 d5 8. d3
Nf6 9. O-O Bc5 10. h3 O-O 11. d4 exd4 12. cxd4 Nxd4 13. Nxd4 Bxd4 14. Rd1 Re8
15. Qf3 c5 16. Be3 Bxb2 17. Nd2 Bxa1 18. Rxa1 Qc7 19. Bg5 Ne4 20. Bxe4 dxe4 21.
Nxe4 Bb7 22. Re1 Re6 23. Bf4 Qe7 24. g3 Rxe4 25. Rxe4 Qxe4 26. Qe3 Qg2# 0-1

[Event "Lansing (Mini-Swiss.1/1)"]
[Site "?"]
[Date "1990.??.??"]
[Round "?"]
[White "Helle, Frank"]
[Black "Mellen, Steve"]
[Result "1-0"]
[WhiteElo "2085"]
[BlackElo "1900"]
[PlyCount "39"]
[EventDate "1990.??.??"]

{1/(1)} 1. d4 Nf6 2. c4 g6 3. Nc3 Bg7 4. e4 d6 5. Be2 e5 6. dxe5 dxe5 7. Qxd8+
Kxd8 8. Bg5 c6 9. O-O-O+ Ke7 10. f4 h6 11. Bh4 Nbd7 12. Nf3 Ke6 13. fxe5 Nxe5
14. Nxe5 Kxe5 15. Rhf1 Nxe4 16. Nxe4 Kxe4 17. Rxf7 Bf8 18. Bd3+ Ke5 19. Bxg6
Bb4 20. Bf6+ 1-0

[Event "Lansing (Mini-Swiss.1/3)"]
[Site "?"]
[Date "1990.??.??"]
[Round "?"]
[White "Helle, Frank"]
[Black "Brattin, Vincent"]
[Result "0-1"]
[WhiteElo "2085"]
[BlackElo "1930"]
[PlyCount "58"]
[EventDate "1990.??.??"]

{1/(3)} 1. d4 d5 2. c4 c6 3. Nf3 Nf6 4. Nc3 Bf5 5. Qb3 b6 6. Bf4 e6 7. e3 Be7
8. cxd5 exd5 9. Ne5 O-O 10. Be2 Nfd7 11. O-O Nxe5 12. Bxe5 Nd7 13. Bg3 Nf6 14.
Rac1 Qd7 15. Rfd1 Bd6 16. Bxd6 Qxd6 17. Bf3 Bg4 18. Bxg4 Nxg4 19. h3 Qh2+ 20.
Kf1 Nh6 21. f3 Nf5 22. Ne2 Nh4 23. Nf4 g5 24. Rxc6 gxf4 25. Rc2 Qh1+ 26. Ke2
Qxg2+ 27. Kd3 Qxf3 28. Rg1+ Ng6 29. Re2 Rfe8 0-1

[Event "Flint (MI Senior/2/4)"]
[Site "?"]
[Date "1990.??.??"]
[Round "?"]
[White "Hayes, R."]
[Black "Waltz, Glenn"]
[Result "1-0"]
[WhiteElo "1955"]
[BlackElo "1605"]
[PlyCount "59"]
[EventDate "1990.??.??"]

{2/(4)} 1. e4 e5 2. Nf3 Nc6 3. Bb5 a6 4. Ba4 Nf6 5. d4 Nxe4 6. O-O b5 7. Bb3
Be7 8. d5 Na5 9. Nxe5 Nxb3 10. axb3 Nf6 11. c4 Bb7 12. Nc3 b4 13. Na4 O-O 14.
Be3 Ne8 15. c5 Bf6 16. Nc4 d6 17. Na5 Bc8 18. Qd2 dxc5 19. Bxc5 Nd6 20. Bxb4
Ne4 21. Qd3 Re8 22. Nc6 Qd7 23. Rfe1 Ng5 24. Nc5 Rxe1+ 25. Rxe1 Qxc6 26. dxc6
Bg4 27. Nxa6 Bxb2 28. Nxc7 Rb8 29. Qb5 Rc8 30. Qxg5 1-0

[Event "Lansing (Apr)"]
[Site "?"]
[Date "1990.??.??"]
[Round "?"]
[White "Hayes, R."]
[Black "Njenga, L."]
[Result "1-0"]
[WhiteElo "1945"]
[BlackElo "1925"]
[PlyCount "119"]
[EventDate "1990.??.??"]

1. e4 c5 2. c3 d6 3. d4 Nf6 4. Bc4 Nxe4 5. Bxf7+ Kxf7 6. Qh5+ g6 7. Qd5+ e6 8.
Qxe4 d5 9. Qe2 cxd4 10. cxd4 Bg7 11. Nf3 Re8 12. O-O Kg8 13. Nc3 Nc6 14. Rd1 a6
15. Bg5 Qd6 16. Qd2 Qf8 17. Na4 b5 18. Nb6 Rb8 19. Nxc8 Rbxc8 20. Rac1 Qb4 21.
Rc3 Qf8 22. Rdc1 Na7 23. Rc7 Rxc7 24. Rxc7 Nc8 25. Qa5 Qd6 26. Qc3 Ne7 27. Bxe7
Rxe7 28. Rc6 Qf4 29. g3 Qf5 30. Rxa6 Rf7 31. Kg2 g5 32. Qe3 g4 33. Ra8+ Rf8 34.
Rxf8+ Kxf8 35. Ne5 Bxe5 36. dxe5 h5 37. Qf4 Kf7 38. Qxf5+ exf5 39. f4 gxf3+ 40.
Kxf3 Ke6 41. Kf4 d4 42. a3 Kd5 43. b3 Kc5 44. a4 bxa4 45. bxa4 Kc4 46. e6 d3
47. e7 d2 48. e8=Q d1=Q 49. Qb5+ Kc3 50. Qxf5 Qxa4+ 51. Kg5 Qd1 52. Kh4 Qd4+
53. Qf4 Qd1 54. Qe5+ Kc4 55. Qxh5 Qh1 56. h3 Kd4 57. Qe8 Qf3 58. Qd7+ Ke5 59.
Qe7+ Kd5 60. Qb7+ 1-0

[Event "Lansing (Mini-Swiss.2/2)"]
[Site "?"]
[Date "1990.??.??"]
[Round "?"]
[White "Hayes, R."]
[Black "Brattin, Vincent"]
[Result "0-1"]
[WhiteElo "1965"]
[BlackElo "1975"]
[PlyCount "67"]
[EventDate "1990.??.??"]

{2/(2)} 1. e4 c6 2. c4 d5 3. cxd5 cxd5 4. exd5 Qxd5 5. Nc3 Qd8 6. Nf3 Nf6 7.
Bc4 e6 8. d4 Be7 9. O-O O-O 10. Re1 Nbd7 11. Bb3 Nb6 12. Bf4 Nbd5 13. Bg3 b6
14. Nxd5 Nxd5 15. Ne5 Bb7 16. Rc1 Rc8 17. Bc2 Bg5 18. Ra1 Bf4 19. Be4 Bxg3 20.
fxg3 Qe7 21. a3 Rc7 22. Qb3 Nf6 23. Bxb7 Rxb7 24. Rac1 Rc7 25. Rxc7 Qxc7 26.
Qc3 Qd6 27. Rc1 g6 28. Nf3 Nd5 29. Qc6 Qe7 30. Kf2 Kg7 31. Re1 Rd8 32. Ne5 Qf6+
33. Nf3 Ne7 34. Rd1 0-1

[Event "Lansing (Mini-Swiss.2/2)"]
[Site "?"]
[Date "1990.??.??"]
[Round "?"]
[White "Hawley, T."]
[Black "Ward, Tim"]
[Result "0-1"]
[WhiteElo "1770"]
[BlackElo "1825"]
[PlyCount "64"]
[EventDate "1990.??.??"]

{2/(2)} 1. e4 e6 2. d4 d5 3. Nc3 Nf6 4. e5 Nfd7 5. f4 c5 6. Nf3 Nc6 7. Be3 cxd4
8. Nxd4 Bc5 9. Bb5 Qb6 10. Bxc6 bxc6 11. O-O Bxd4 12. Bxd4 c5 13. Bf2 Bb7 14.
Qg4 O-O 15. b4 Qxb4 16. Rab1 Qxc3 17. Rxb7 Nb6 18. Bh4 Qd4+ 19. Kh1 Qe4 20. Qd1
d4 21. Rc7 Rfc8 22. Rxc8+ Rxc8 23. Rf3 Nd5 24. Bg3 Nb4 25. Ra3 Qxc2 26. Qxc2
Nxc2 27. Rxa7 c4 28. Kg1 Nb4 29. a3 Nd5 30. Be1 Kf8 31. a4 c3 32. a5 c2 0-1

[Event "Flint (Class B/4)"]
[Site "?"]
[Date "1990.??.??"]
[Round "?"]
[White "Hawley, T."]
[Black "Mose, Greg"]
[Result "1-0"]
[WhiteElo "1715"]
[BlackElo "1660"]
[PlyCount "79"]
[EventDate "1990.??.??"]

1. e4 c5 2. c3 e5 3. d4 cxd4 4. cxd4 exd4 5. Nf3 Bb4+ 6. Bd2 Qb6 7. Bc4 Bxd2+
8. Nbxd2 Ne7 9. O-O O-O 10. Nb3 d6 11. Ng5 h6 12. Nf3 Bg4 13. h3 Bh5 14. Nbxd4
Nbc6 15. Nxc6 Qxc6 16. Rc1 Qb6 17. Rc2 Rfd8 18. Rd2 Rac8 19. b3 Qb4 20. g4 Bg6
21. Ne5 b5 22. Nd3 Qa5 23. b4 Qb6 24. Bb3 Bxe4 25. Re1 d5 26. Nc5 Ng6 27. f3
Rxc5 28. bxc5 Qxc5+ 29. Kh1 Bxf3+ 30. Qxf3 Nh4 31. Qf2 Qxf2 32. Rxf2 a5 33.
Rfe2 Rd6 34. Rd1 d4 35. Red2 a4 36. Bc2 Rc6 37. Be4 Rc3 38. Rd3 b4 39. Rxc3
dxc3 40. Rd8# 1-0

[Event "Lansing (Jan)"]
[Site "?"]
[Date "1990.??.??"]
[Round "?"]
[White "Hawley, T."]
[Black "Kreiman, V."]
[Result "0-1"]
[WhiteElo "1730"]
[BlackElo "1785"]
[PlyCount "32"]
[EventDate "1990.??.??"]

1. e4 c5 2. Nf3 Nc6 3. d4 cxd4 4. Nxd4 Nf6 5. Nc3 d6 6. Be3 e6 7. Qd2 Be7 8.
O-O-O a6 9. g4 Nxg4 10. Rg1 Nxe3 11. fxe3 Ne5 12. Bd3 Bd7 13. Rdf1 Bf6 14. Nde2
Qa5 15. Nf4 Rc8 16. Nh5 Nxd3+ 0-1

[Event "Lansing (Mini-Swiss.2/3)"]
[Site "?"]
[Date "1990.??.??"]
[Round "?"]
[White "Hawley, T."]
[Black "Kornhauser, M."]
[Result "1-0"]
[WhiteElo "1770"]
[BlackElo "1825"]
[PlyCount "53"]
[EventDate "1990.??.??"]

{2/(3)} 1. e4 g6 2. d4 Bg7 3. f4 d6 4. Nf3 Bg4 5. Bc4 c5 6. Bxf7+ Kf8 7. Bd5
Nc6 8. O-O Nxd4 9. Nbd2 Qb6 10. c3 Nc6 11. Nc4 Qc7 12. f5 Bxf3 13. Qxf3 Nf6 14.
Be6 Re8 15. g4 g5 16. Bxg5 h5 17. Bxf6 exf6 18. g5 fxg5 19. Qg3 Bf6 20. Qxd6+
Qxd6 21. Nxd6 Re7 22. Rad1 Kg7 23. Nc4 Ne5 24. Nxe5 Bxe5 25. Rd5 Kf6 26. Rxc5
g4 27. Rd1 1-0

[Event "Flint (Class B/2)"]
[Site "?"]
[Date "1990.??.??"]
[Round "?"]
[White "Hawley, T."]
[Black "Flynn, Jeff"]
[Result "1-0"]
[WhiteElo "1715"]
[BlackElo "1785"]
[PlyCount "67"]
[EventDate "1990.??.??"]

1. e4 e6 2. d4 d5 3. Nc3 Bb4 4. Qf3 dxe4 5. Qxe4 Nf6 6. Qh4 c5 7. dxc5 Bxc5 8.
Bg5 Nbd7 9. Rd1 Qa5 10. Nf3 Nd5 11. Bd2 Nb4 12. Rc1 Be7 13. Qg3 Qf5 14. Nd4 Qf6
15. Ndb5 O-O 16. a3 Nc6 17. Be2 a6 18. Nd6 e5 19. Nce4 Qh4 20. Bd3 Qxg3 21.
hxg3 Nc5 22. Nxc5 Bxd6 23. Bxh7+ Kh8 24. Ne4 Be7 25. f3 Rd8 26. Ng5 Bxg5 27.
Bxg5 f6 28. Be3 Ne7 29. c4 Bd7 30. Kf2 Bc6 31. Bf5+ Kg8 32. Be6+ Kf8 33. Rh8+
Ng8 34. Bc5+ 1-0

[Event "Detroit (RVO/2)"]
[Site "?"]
[Date "1990.??.??"]
[Round "?"]
[White "Harris, T."]
[Black "Sundeen, David"]
[Result "1-0"]
[WhiteElo "2090"]
[BlackElo "1700"]
[PlyCount "165"]
[EventDate "1990.??.??"]

1. d4 Nf6 2. c4 e6 3. g3 Nc6 4. Nf3 b6 5. Bg2 Bb7 6. O-O d5 7. Qa4 Be7 8. Ne5
Qd6 9. Bf4 Qb4 10. Qxb4 Nxb4 11. Rc1 c5 12. a3 Nc6 13. Nxc6 Bxc6 14. dxc5 Bxc5
15. Nd2 O-O 16. b4 Be7 17. cxd5 Bxd5 18. e4 e5 19. Bxe5 Be6 20. Bf4 Rac8 21.
Nf1 Nh5 22. Be3 Bf6 23. Rxc8 Rxc8 24. Rc1 Rxc1 25. Bxc1 Bc3 26. Ne3 Nf6 27. Nd5
Nxd5 28. exd5 Bd7 29. Be4 Be5 30. Kg2 g6 31. Kf3 f5 32. Bd3 Kf7 33. Bc4 Kf6 34.
Ke3 Ke7 35. Kd3 Be8 36. Be3 Bf7 37. Bh6 Be8 38. h4 a5 39. Be3 b5 40. Ba2 axb4
41. axb4 Kd6 42. Bc5+ Kc7 43. Bb3 Bd6 44. Kd4 Bf7 45. Bc2 Be8 46. Bd3 Bd7 47.
Be2 Be8 48. g4 fxg4 49. Bxg4 h6 50. Be6 g5 51. hxg5 hxg5 52. Bf5 Bf4 53. Ke4
Bf7 54. Be6 Bg6+ 55. Kf3 Bh5+ 56. Kg2 Be2 57. f3 Bd1 58. Kf2 Bc2 59. Ke2 Bg6
60. Be3 Bd6 61. Bd2 Be7 62. Ke3 Kd6 63. Bc3 Bh5 64. Bd4 Kc7 65. Bc5 Bd6 66.
Bxd6+ Kxd6 67. Ke4 Bg6+ 68. Bf5 Bf7 69. Be6 Bg6+ 70. Kd4 Bh5 71. Ke3 Bg6 72.
Bg8 Bf5 73. Bf7 Ke5 74. Be8 Kxd5 75. Bxb5 Bc8 76. Bd3 Bd7 77. b5 Kc5 78. Ke4
Be6 79. Ke5 Bd7 80. Be2 Bc8 81. Kf6 Kd4 82. Kxg5 Ke3 83. f4 1-0

[Event "Detroit (RVO/4)"]
[Site "?"]
[Date "1990.??.??"]
[Round "?"]
[White "Harris, T."]
[Black "Burwell, Raymond"]
[Result "0-1"]
[WhiteElo "2090"]
[BlackElo "1740"]
[PlyCount "124"]
[EventDate "1990.??.??"]

1. d4 Nf6 2. c4 e6 3. g3 d5 4. Nf3 Be7 5. Bg2 O-O 6. O-O c6 7. Nbd2 Nbd7 8. Qc2
Re8 9. e4 Nxe4 10. Nxe4 dxe4 11. Qxe4 Nf6 12. Qc2 Bd7 13. Be3 Rc8 14. Rfd1 Ng4
15. Bf4 Nf6 16. Ne5 Nh5 17. Be3 Nf6 18. Rac1 Qc7 19. Qe2 Red8 20. f4 Be8 21.
Kh1 Qa5 22. a3 b5 23. Bd2 Qa6 24. Bc3 bxc4 25. Qxc4 Qxc4 26. Nxc4 Nd5 27. Bxd5
cxd5 28. Ne5 Rc7 29. Ba5 Rxc1 30. Rxc1 Rb8 31. Nc6 Bxc6 32. Rxc6 Kf8 33. b4 Ke8
34. Ra6 Rb7 35. Kg2 Bf6 36. a4 Bxd4 37. b5 Kd7 38. Rc6 Bb6 39. Bb4 Rc7 40. a5
Bd4 41. Rd6+ Kc8 42. b6 axb6 43. axb6 Rd7 44. b7+ Rxb7 45. Ba5 Rb2+ 46. Kh3 Bg1
47. Rd8+ Kb7 48. Rd7+ Ka6 49. Bc3 Rxh2+ 50. Kg4 f5+ 51. Kg5 g6 52. Rd6+ Kb5 53.
Rxe6 Bf2 54. Be1 Bxe1 55. Rxe1 d4 56. g4 Rg2 57. Kh6 Rxg4 58. Kxh7 d3 59. Kg7
Kc4 60. Kf6 d2 61. Ra1 Kd3 62. Ke5 Kc2 0-1